[Event "15.Open Primavera"]
[Site "Robecchetto con Induno ITA"]
[Date "2018.04.19"]
[Round "3"]
[White "Koureas, Panicos"]
[Black "Madaschi, Sergio"]
[Result "1/2-1/2"]
[WhiteElo "1371"]
[BlackElo "1334"]
[PlyCount "72"]
[EventDate "2018.04.05"]

1. e4 c5 2. Nc3 Nc6 3. f4 e6 4. Nf3 g6 5. Bb5 Nge7 6. d3 Bg7 7. O-O O-O 8. Bxc6
Nxc6 9. Qe1 d5 10. e5 a6 11. Qg3 Nb4 12. Rf2 b5 13. Qh3 f6 14. d4 cxd4 15. Nxd4
fxe5 16. Nxe6 Qe7 17. f5 Bxe6 18. fxe6 Rxf2 19. Kxf2 d4 20. Ne4 Nxc2 21. Bg5
Qf8+ 22. Kg1 Nxa1 23. e7 Qf5 24. Qxf5 gxf5 25. Nd6 h6 26. Bd2 f4 27. e8=Q+ Rxe8
28. Nxe8 Nc2 29. Nd6 b4 30. Kf2 Bf8 31. Nc4 Bg7 32. Kf3 Kf7 33. Ke4 Ke6 34. Kd3
Kd5 35. Nb6+ Kc6 36. Nc4 Kd5 1/2-1/2

[Event "15.Open Primavera"]
[Site "Robecchetto con Induno ITA"]
[Date "2018.04.19"]
[Round "3"]
[White "Ruggiero, Paolino"]
[Black "Corsano, Massimo"]
[Result "1-0"]
[WhiteElo "1426"]
[BlackElo "1440"]
[PlyCount "65"]
[EventDate "2018.04.05"]

1. e4 c5 2. f4 d6 3. Bc4 Nc6 4. Nf3 Nf6 5. d3 g6 6. O-O Bg7 7. e5 dxe5 8. fxe5
Nd7 9. Bxf7+ Kxf7 10. Ng5+ Ke8 11. Ne6 Qb6 12. Nxg7+ Kd8 13. Ne6+ Ke8 14. Nc3
c4+ 15. Kh1 Ndxe5 16. Nd5 Qa5 17. Ndf4 Bxe6 18. Nxe6 Kd7 19. d4 Kxe6 20. dxe5
Qxe5 21. Re1 Rad8 22. Rxe5+ Nxe5 23. Qe2 Rhf8 24. Bh6 Rf5 25. g4 Rf7 26. Re1
Rd5 27. Qxc4 Kd6 28. Qb3 b6 29. c4 Rd2 30. Qb4+ Kc7 31. Qxd2 Nf3 32. Qd5 Rf6
33. Rxe7+ 1-0

[Event "15.Open Primavera"]
[Site "Robecchetto con Induno ITA"]
[Date "2018.04.26"]
[Round "4"]
[White "Santangelo, Riccardo"]
[Black "Caccianiga, Andrea"]
[Result "1-0"]
[WhiteElo "1632"]
[BlackElo "1421"]
[PlyCount "57"]
[EventDate "2018.04.05"]

1. d4 d5 2. Bf4 Bf5 3. Nf3 e6 4. e3 Bd6 5. Bg3 h6 6. c3 c5 7. Bd3 Bxd3 8. Qxd3
Nc6 9. Nbd2 a6 10. O-O Rc8 11. Be5 Nf6 12. h3 O-O 13. a3 Bxe5 14. Nxe5 Nxe5 15.
dxe5 Nd7 16. f4 f6 17. exf6 Rxf6 18. Rf3 c4 19. Qe2 e5 20. e4 Rxf4 21. Rxf4
exf4 22. exd5 Qb6+ 23. Kh2 Qd6 24. Qe6+ Qxe6 25. dxe6 Nb6 26. Re1 Nd5 27. Re5
Ne3 28. Ne4 Kf8 29. e7+ 1-0

[Event "15.Open Primavera"]
[Site "Robecchetto con Induno ITA"]
[Date "2018.04.26"]
[Round "4"]
[White "Baguzzi, Sergio"]
[Black "Barrera, Pietro"]
[Result "0-1"]
[WhiteElo "1324"]
[BlackElo "1810"]
[PlyCount "66"]
[EventDate "2018.04.05"]

1. d4 d5 2. Bf4 Nf6 3. e3 e6 4. Nf3 Bd6 5. Bxd6 cxd6 6. c3 O-O 7. Bd3 Nc6 8.
Qb3 e5 9. Nh4 e4 10. Be2 g5 11. Nf3 exf3 12. Bxf3 Ne7 13. Nd2 Bf5 14. h3 b6 15.
g4 Be4 16. Bxe4 dxe4 17. Qc2 d5 18. O-O-O Ng6 19. f3 Qe7 20. Rdf1 Rae8 21. fxe4
Nxe4 22. Nxe4 Qxe4 23. Qxe4 dxe4 24. d5 Ne5 25. Rf5 f6 26. h4 h6 27. hxg5 hxg5
28. Rg1 Rd8 29. Kc2 Rxd5 30. Kb3 Kg7 31. Kb4 Rfd8 32. b3 Nd3+ 33. Kc4 b5# 0-1

[Event "15.Open Primavera"]
[Site "Robecchetto con Induno ITA"]
[Date "2018.04.26"]
[Round "4"]
[White "Colusso, Ermes"]
[Black "Cecchini, Massimo S"]
[Result "0-1"]
[WhiteElo "1741"]
[BlackElo "1689"]
[PlyCount "92"]
[EventDate "2018.04.05"]

1. e4 c6 2. Nf3 d5 3. exd5 cxd5 4. Ne5 Nf6 5. d4 e6 6. Bd3 Nc6 7. c3 g6 8. f4
Bd7 9. O-O Qb6 10. Kh1 Ne7 11. a4 a6 12. Nd2 Nf5 13. Ndf3 Ne4 14. Nxd7 Kxd7 15.
Bxe4 dxe4 16. Ng5 Nd6 17. Qe2 f5 18. Be3 Qc6 19. b3 h6 20. Nh3 Qxc3 21. Rab1
Bg7 22. Rfc1 Qb4 23. Bd2 Qb6 24. a5 Qb5 25. Qe3 Rac8 26. Rc5 Rxc5 27. dxc5 Nc4
28. Qe1 Nxd2 29. Qxd2+ Qd3 30. Qe1 Kc7 31. Nf2 Qc3 32. Qf1 Rd8 33. Nd1 Qd3 34.
Nf2 Qxf1+ 35. Rxf1 Rd2 36. Nd1 Bd4 37. h3 Bxc5 38. Nc3 Bb4 39. Na4 e3 40. Rc1+
Kd6 41. Nb6 Rd3 42. Nc4+ Ke7 43. Ne5 Rc3 44. Rd1 Rc7 45. Nf3 e2 46. Rb1 Rd7 0-1

[Event "15.Open Primavera"]
[Site "Robecchetto con Induno ITA"]
[Date "2018.04.26"]
[Round "4"]
[White "Colombo, Ernesto"]
[Black "Mazzarone, Maurizio"]
[Result "0-1"]
[WhiteElo "1608"]
[BlackElo "1885"]
[PlyCount "66"]
[EventDate "2018.04.05"]

1. d4 Nf6 2. c4 c5 3. d5 b5 4. e3 d6 5. Nf3 g6 6. Be2 Bg7 7. O-O O-O 8. cxb5 a6
9. Nc3 axb5 10. Bxb5 Ba6 11. Be2 Qb6 12. Re1 Nbd7 13. Qc2 Bxe2 14. Qxe2 Ng4 15.
Nd2 f5 16. f4 Nxe3 17. Nb3 Ng4 18. Be3 Nxe3 19. Qxe3 Nf6 20. h3 Ra7 21. Kh1
Rfa8 22. Qe2 Nh5 23. Qf2 Qb4 24. g4 Nxf4 25. Qe3 fxg4 26. hxg4 Rf8 27. Rf1 Be5
28. Ne4 Qc4 29. Nbd2 Qxd5 30. Rad1 Qb7 31. Nf3 Rxa2 32. Nxe5 dxe5 33. Rf2 Rxb2
0-1

[Event "15.Open Primavera"]
[Site "Robecchetto con Induno ITA"]
[Date "2018.04.26"]
[Round "4"]
[White "Giavoni, Andrea"]
[Black "Mereghetti, Marco"]
[Result "1/2-1/2"]
[WhiteElo "1579"]
[BlackElo "1794"]
[PlyCount "103"]
[EventDate "2018.04.05"]

1. e4 e6 2. d4 d5 3. exd5 exd5 4. Nf3 Nf6 5. Bg5 Bd6 6. Be2 O-O 7. O-O h6 8.
Bxf6 Qxf6 9. Nbd2 Bf5 10. Re1 Nd7 11. Nf1 Rfe8 12. Ne3 Be4 13. Nd2 Qg5 14. Nxe4
dxe4 15. g3 f5 16. Ng2 f4 17. h4 Qf6 18. gxf4 Bxf4 19. c3 Nf8 20. Bc4+ Kh8 21.
Qg4 Bd6 22. Rxe4 c5 23. Rae1 Rxe4 24. Qxe4 cxd4 25. cxd4 Rd8 26. b3 Bb4 27. Rd1
Bc5 28. Qf4 Qb6 29. d5 Ng6 30. Qg3 Rf8 31. Rf1 Qf6 32. Ne3 Bxe3 33. fxe3 Qb6
34. Rxf8+ Nxf8 35. h5 Qf6 36. Kg2 Qf5 37. Qf3 Qg5+ 38. Kf2 Qh4+ 39. Kg2 Qg5+
40. Kh3 Nd7 41. e4 Nf6 42. Qf5 Qe3+ 43. Kh4 Qe1+ 44. Kh3 Qh1+ 45. Kg3 Nxh5+ 46.
Kf2 Qh2+ 47. Ke3 Qg1+ 48. Kd3 Qb1+ 49. Kc3 Qe1+ 50. Kb2 Qd2+ 51. Ka3 Qa5+ 52.
Kb2 1/2-1/2

[Event "15.Open Primavera"]
[Site "Robecchetto con Induno ITA"]
[Date "2018.04.26"]
[Round "4"]
[White "Wintour, Thomas"]
[Black "Rancati, David"]
[Result "0-1"]
[WhiteElo "1668"]
[BlackElo "1620"]
[PlyCount "65"]
[EventDate "2018.04.05"]

1. e4 c5 2. Nf3 Nc6 3. d4 cxd4 4. Nxd4 d6 5. Nc3 a6 6. Be2 Nf6 7. O-O e6 8. Bg5
Be7 9. h3 O-O 10. Qd2 Qb6 11. Nb3 Qc7 12. f4 b5 13. f5 b4 14. Bxf6 Bxf6 15. Nd1
exf5 16. c3 fxe4 17. Qf4 Qb6+ 18. Kh1 d5 19. Ne3 Be6 20. Ng4 Bxg4 21. Qxg4 Ne5
22. Qg3 bxc3 23. bxc3 Ng6 24. Rf5 Rac8 25. Rxd5 Rxc3 26. Qh2 Rxb3 27. Rd6 Rb1+
28. Rxb1 Qxb1+ 29. Rd1 Qc2 30. Bg4 Ne5 31. Qf4 Nd3 32. Rd2 Qc1+ 33. Rd1 0-1

[Event "15.Open Primavera"]
[Site "Robecchetto con Induno ITA"]
[Date "2018.04.26"]
[Round "4"]
[White "Ruggeri, Igor"]
[Black "Gaspari, Giulio"]
[Result "1/2-1/2"]
[WhiteElo "1509"]
[BlackElo "1627"]
[PlyCount "103"]
[EventDate "2018.04.05"]

1. d4 d5 2. c4 e6 3. Nc3 Nf6 4. Bg5 Be7 5. Nf3 Nbd7 6. e3 O-O 7. Bd3 dxc4 8.
Bxc4 b6 9. O-O Bb7 10. Re1 Rc8 11. e4 Nxe4 12. Nxe4 Bxe4 13. Bxe7 Bxf3 14. Bxd8
Bxd1 15. Be7 Rfe8 16. Bg5 Ba4 17. Ba6 Ra8 18. b3 Bc6 19. Rac1 Nb8 20. Be2 a6
21. Bf4 Rc8 22. Rc3 Bd5 23. Rxc7 Rxc7 24. Bxc7 b5 25. Rc1 Nc6 26. Bb6 Rc8 27.
f3 g6 28. Bd3 h5 29. Kf2 f5 30. Ke3 g5 31. g3 Kf7 32. Ba5 Ne7 33. Rc5 Kf6 34.
Bc3 Rc6 35. Bb2 g4 36. f4 Kf7 37. Ba3 Ke8 38. Bc1 Kd7 39. Ba3 Nc8 40. Bb4 Nd6
41. Rxc6 Kxc6 42. Bc5 Ne4 43. Bf8 Nc3 44. a4 bxa4 45. bxa4 Nxa4 46. Bxa6 Nc3
47. Bb4 Ne4 48. Bd3 Nf6 49. Be7 Ne8 50. Bb4 Nf6 51. Be7 Ne4 52. Bb4 1/2-1/2

[Event "15.Open Primavera"]
[Site "Robecchetto con Induno ITA"]
[Date "2018.04.26"]
[Round "4"]
[White "Moroni, Luca"]
[Black "Giusti, Francesco"]
[Result "1-0"]
[WhiteElo "1760"]
[BlackElo "1478"]
[PlyCount "93"]
[EventDate "2018.04.05"]

1. d4 c5 2. c3 cxd4 3. cxd4 g6 4. Nc3 Bg7 5. Bf4 Nf6 6. e3 Qa5 7. Qa4 Qxa4 8.
Nxa4 d6 9. h3 Nd5 10. Bg3 Bf5 11. a3 O-O 12. Nf3 Rc8 13. Be2 Nd7 14. O-O a6 15.
Rac1 b5 16. Nc3 Nxc3 17. bxc3 Rc7 18. c4 Rac8 19. c5 Rc6 20. a4 bxa4 21. Ra1
Bc2 22. cxd6 exd6 23. Bd1 Bb3 24. Nd2 Rb8 25. Ne4 Bf8 26. Bf3 Rcb6 27. Nc3 Rb4
28. Ne4 R8b6 29. Rfc1 Bc4 30. Nd2 Bd3 31. Bc6 Bb5 32. Bxd7 Bxd7 33. Ne4 d5 34.
Nc3 Bc6 35. Bc7 Rb7 36. Ba5 Rc4 37. Ne2 Rxc1+ 38. Rxc1 Bb5 39. Nf4 Bd7 40. Nxd5
Rb5 41. Nf6+ Kg7 42. Nxd7 Rxa5 43. Nxf8 Kxf8 44. Kf1 Ke7 45. Ke2 Rb5 46. Ra1
Kd6 47. Rxa4 1-0

[Event "15.Open Primavera"]
[Site "Robecchetto con Induno ITA"]
[Date "2018.04.26"]
[Round "4"]
[White "Rutigliano, Cesare"]
[Black "Zanin, Armando"]
[Result "1-0"]
[WhiteElo "1672"]
[BlackElo "1466"]
[PlyCount "65"]
[EventDate "2018.04.05"]

1. e4 c5 2. b4 b6 3. bxc5 bxc5 4. Bb2 Nc6 5. Nf3 Rb8 6. Bc3 a6 7. Bc4 e6 8. O-O
d6 9. a3 Nf6 10. Re1 Be7 11. d3 O-O 12. h3 d5 13. exd5 exd5 14. Bb3 Bb7 15. Nh4
Bc8 16. Qf3 Be6 17. Nf5 Bxf5 18. Qxf5 d4 19. Bd2 Qd7 20. Qf3 Na7 21. Bg5 Rbe8
22. Nd2 Qc6 23. Qxc6 Nxc6 24. Ba4 Rc8 25. Bxc6 Rxc6 26. Rxe7 Nd5 27. Rd7 Nc3
28. Nc4 f6 29. Bh4 Re8 30. Nd6 Rf8 31. Nf5 Rf7 32. Rd8+ Rf8 33. Ne7+ 1-0

[Event "15.Open Primavera"]
[Site "Robecchetto con Induno ITA"]
[Date "2018.04.26"]
[Round "4"]
[White "Crotti, Massimo"]
[Black "Posapiano, Giacomo"]
[Result "0-1"]
[WhiteElo "1382"]
[BlackElo "1603"]
[PlyCount "92"]
[EventDate "2018.04.05"]

1. Nf3 c5 2. d4 e6 3. Bg5 Be7 4. Bxe7 Qxe7 5. e3 Nf6 6. Bd3 Nc6 7. O-O O-O 8.
c3 d5 9. Ne5 Nxe5 10. dxe5 Nd7 11. f4 c4 12. Bc2 f5 13. Nd2 g5 14. Nf3 g4 15.
Nd4 h5 16. g3 Rf7 17. Qe1 Nf8 18. Kg2 Ng6 19. Rh1 Bd7 20. Kf1 h4 21. Kf2 Rh7
22. Qg1 Kf7 23. Qf1 Rah8 24. Qe2 hxg3+ 25. Kxg3 Rh3+ 26. Kg2 Nh4+ 27. Kf1 Nf3
28. Nxf3 Rxf3+ 29. Ke1 Qc5 30. Kd2 Rhh3 31. Rae1 b5 32. a3 a5 33. Bd1 b4 34.
axb4 axb4 35. Qg2 bxc3+ 36. bxc3 Rxe3 37. Rxe3 Qxe3+ 38. Kc2 Ba4+ 39. Kb1 Bxd1
40. Rxd1 Qxc3 41. Rd2 Qb4+ 42. Rb2 Rb3 43. Qc2 Rxb2+ 44. Qxb2 Qxb2+ 45. Kxb2
Ke7 46. Kc3 Kd7 0-1

[Event "15.Open Primavera"]
[Site "Robecchetto con Induno ITA"]
[Date "2018.04.26"]
[Round "4"]
[White "Nava, Mario"]
[Black "Puricelli, Roberto"]
[Result "0-1"]
[WhiteElo "1390"]
[BlackElo "1533"]
[PlyCount "72"]
[EventDate "2018.04.05"]

1. Nf3 d5 2. d4 e6 3. c4 dxc4 4. Nc3 Nf6 5. e4 Bb4 6. Bxc4 Nxe4 7. Qc2 Nf6 8.
Qa4+ Nc6 9. O-O O-O 10. Bg5 Be7 11. Rad1 Nd5 12. Nxd5 exd5 13. Bxe7 Nxe7 14.
Bd3 Bg4 15. Be2 Re8 16. h3 Bh5 17. Qc2 Nc6 18. Rfe1 Qf6 19. Qb3 Bxf3 20. Bxf3
Rxe1+ 21. Rxe1 Nxd4 22. Qxd5 Nxf3+ 23. Qxf3 Qxf3 24. gxf3 Kf8 25. Re2 c5 26.
Kf1 b5 27. Ke1 Re8 28. Re4 Rxe4+ 29. fxe4 Ke7 30. Kd2 Ke6 31. f4 a5 32. Kc3 g5
33. fxg5 Ke5 34. Kd3 Kf4 35. h4 Kg4 36. b3 Kxh4 0-1

[Event "15.Open Primavera"]
[Site "Robecchetto con Induno ITA"]
[Date "2018.04.26"]
[Round "4"]
[White "Caldarola, Stefano"]
[Black "Ruggiero, Paolino"]
[Result "1-0"]
[WhiteElo "1829"]
[BlackElo "1426"]
[PlyCount "41"]
[EventDate "2018.04.05"]

1. d4 f5 2. Nc3 Nf6 3. Bg5 e6 4. e4 fxe4 5. Nxe4 Be7 6. Bxf6 Bxf6 7. Qh5+ g6 8.
Qh6 Bxd4 9. O-O-O Be5 10. Nf3 Nc6 11. Nxe5 Nxe5 12. Qg7 Nf7 13. Nf6+ Ke7 14.
Nxh7 Qg8 15. Qf6+ Ke8 16. Ng5 b6 17. Nxf7 Rh5 18. Bd3 Rf5 19. Bxf5 gxf5 20. Ne5
a5 21. Ng6 1-0

[Event "15.Open Primavera"]
[Site "Robecchetto con Induno ITA"]
[Date "2018.04.26"]
[Round "4"]
[White "Rampazzo, Franco"]
[Black "Pizzolato, Roberto"]
[Result "1-0"]
[WhiteElo "1351"]
[BlackElo "1754"]
[PlyCount "108"]
[EventDate "2018.04.05"]

1. e4 e5 2. Nf3 Nc6 3. Bb5 a6 4. Bxc6 dxc6 5. d4 exd4 6. Qxd4 Qf6 7. Qe5+ Qe6
8. Qxe6+ Bxe6 9. O-O O-O-O 10. Ng5 Bc4 11. Re1 h6 12. Nd2 hxg5 13. Nxc4 f6 14.
b3 Nh6 15. f3 Bb4 16. Re2 Rd1+ 17. Kf2 Bc3 18. Nb2 Bd4+ 19. Kg3 Be5+ 20. Kf2
Bxh2 21. Nxd1 f5 22. Bxg5 Nf7 23. Bd2 f4 24. Bc3 Bg3+ 25. Kg1 Bh2+ 26. Kf1 Bg3
27. Nf2 Rh7 28. Nh3 Ng5 29. Nf2 Ne6 30. Rd2 Rh2 31. Rad1 Kb8 32. Ng4 Rh4 33.
Rd7 g5 34. Bf6 Nc5 35. Re7 a5 36. Bxg5 Rh5 37. Bf6 a4 38. Be5 Na6 39. Rf7 Nb4
40. Bxc7+ Ka7 41. Bxf4 Bh4 42. Rdd7 Nxc2 43. Rxb7+ Ka6 44. Ra7+ Kb5 45. bxa4+
Kc4 46. Rac7 Nb4 47. a5 Rxa5 48. Ne3+ Kc3 49. g3 Bd8 50. Ra7 Rh5 51. Kg2 Bb6
52. Rab7 Bc5 53. Rf5 Rh8 54. Rxc5+ Kd4 1-0

[Event "15.Open Primavera"]
[Site "Robecchetto con Induno ITA"]
[Date "2018.04.26"]
[Round "4"]
[White "Brioschi, Camillo"]
[Black "Marchesotti, Giovanni"]
[Result "1/2-1/2"]
[WhiteElo "1729"]
[BlackElo "1406"]
[PlyCount "54"]
[EventDate "2018.04.05"]

1. d4 Nf6 2. c4 e6 3. Nc3 Bb4 4. e3 b6 5. Nge2 Ba6 6. Ng3 Nc6 7. a3 Bxc3+ 8.
bxc3 Ne7 9. Bd3 O-O 10. O-O d5 11. cxd5 Bxd3 12. Qxd3 Nexd5 13. e4 Ne7 14. Bg5
Nd7 15. f4 f6 16. f5 exf5 17. Be3 fxe4 18. Qxe4 Re8 19. Qg4 Nf8 20. Rxf6 Qc8
21. Qxc8 Raxc8 22. Rf3 Nd5 23. Bd2 Ng6 24. c4 Nf6 25. Bg5 Ne4 26. Nxe4 Rxe4 27.
Rd1 h6 1/2-1/2

[Event "15.Open Primavera"]
[Site "Robecchetto con Induno ITA"]
[Date "2018.04.26"]
[Round "4"]
[White "Pappalardo, Antonio"]
[Black "Koureas, Panicos"]
[Result "1-0"]
[WhiteElo "1709"]
[BlackElo "1371"]
[PlyCount "71"]
[EventDate "2018.04.05"]

1. g3 d5 2. Bg2 Nf6 3. b3 e5 4. Bb2 Bd6 5. Na3 c6 6. c4 O-O 7. cxd5 cxd5 8. Nb5
Nc6 9. Nxd6 Qxd6 10. Nf3 Bf5 11. O-O Rfe8 12. d3 d4 13. Rc1 Rac8 14. Nd2 b5 15.
a3 Ne7 16. Rxc8 Rxc8 17. f4 Ng4 18. Rf3 Ne3 19. Qb1 exf4 20. Rxf4 Rc2 21. Rxd4
Qb6 22. Kf2 Ng4+ 23. Ke1 Rc8 24. Nf1 Qe6 25. b4 h6 26. Be4 Bxe4 27. Rxe4 Qf5
28. Rxe7 Qf2+ 29. Kd2 Nxh2 30. Nxh2 Qxh2 31. Qf1 Qh5 32. Qf4 Qg6 33. Qe3 Qc6
34. Qd4 Qc2+ 35. Ke3 Kf8 36. Re4 1-0

[Event "15.Open Primavera"]
[Site "Robecchetto con Induno ITA"]
[Date "2018.04.26"]
[Round "4"]
[White "Madaschi, Sergio"]
[Black "Frignani, Alessandro"]
[Result "1-0"]
[WhiteElo "1334"]
[BlackElo "1454"]
[PlyCount "79"]
[EventDate "2018.04.05"]

1. e4 e5 2. Nf3 Nc6 3. Bb5 f6 4. O-O Bc5 5. c3 Nge7 6. d4 exd4 7. cxd4 Bb6 8.
Nc3 O-O 9. h3 d6 10. Bf4 Ng6 11. Bg3 Bd7 12. Rc1 Rc8 13. Na4 Rf7 14. Nxb6 axb6
15. Bc4 Qe7 16. Bxf7+ Qxf7 17. Qc2 Be8 18. Qc4 Bd7 19. Qxf7+ Kxf7 20. Rc3 Ke7
21. e5 fxe5 22. dxe5 d5 23. Rd3 Be6 24. Ng5 h6 25. Nxe6 Kxe6 26. f4 Rf8 27.
Rdf3 Nce7 28. Bh2 c5 29. Rb3 Nc8 30. g4 Nge7 31. f5+ Kd7 32. f6 gxf6 33. exf6
Ng6 34. Rbf3 Rf7 35. Rf5 d4 36. Rh5 Nf8 37. Rxh6 Kd8 38. g5 Nd7 39. g6 Rxf6 40.
Rxf6 1-0

[Event "15.Open Primavera"]
[Site "Robecchetto con Induno ITA"]
[Date "2018.04.26"]
[Round "4"]
[White "Colombo, Sandro"]
[Black "Minore, Antonino"]
[Result "1-0"]
[WhiteElo "1748"]
[BlackElo "1239"]
[PlyCount "85"]
[EventDate "2018.04.05"]

1. c4 c5 2. Nf3 Nf6 3. Nc3 d5 4. cxd5 Nxd5 5. e4 Nxc3 6. bxc3 Nc6 7. Bb5 a6 8.
Bxc6+ bxc6 9. O-O e6 10. d4 c4 11. Qa4 Qc7 12. Qxc4 a5 13. Ne5 Ba6 14. Qxc6+
Qxc6 15. Nxc6 Bxf1 16. Kxf1 Bd6 17. e5 Bc7 18. Rb1 Kd7 19. d5 exd5 20. Nd4 Bxe5
21. Rb7+ Bc7 22. Bf4 Rhc8 23. Nb5 Kc6 24. Rxc7+ Kxb5 25. Rxf7 Rxc3 26. Rxg7 Re8
27. Rxh7 Rc2 28. g4 Ree2 29. Bg3 Rxa2 30. g5 Re6 31. Rh6 Ra1+ 32. Kg2 Rae1 33.
g6 Re8 34. h4 d4 35. Rh5+ Ka4 36. Rd5 Rd1 37. h5 d3 38. h6 Ree1 39. g7 Rg1+ 40.
Kf3 d2 41. g8=Q Rb1 42. Rd4+ Rb4 43. Qa2+ 1-0

[Event "15.Open Primavera"]
[Site "Robecchetto con Induno ITA"]
[Date "2018.04.26"]
[Round "4"]
[White "Corsano, Massimo"]
[Black "Cunati, Valerio"]
[Result "0-1"]
[WhiteElo "1440"]
[BlackElo "1665"]
[PlyCount "104"]
[EventDate "2018.04.05"]

1. e4 e5 2. Nf3 Nc6 3. Bc4 Nf6 4. Nc3 Bc5 5. O-O d6 6. d3 Bg4 7. Be3 O-O 8.
Bxc5 dxc5 9. h3 Bh5 10. Nd5 Nd4 11. g4 Bg6 12. Nxd4 cxd4 13. Nxf6+ Qxf6 14. Qd2
a5 15. f4 h5 16. fxe5 Qxe5 17. Qh2 Qc5 18. Qf2 b5 19. Bd5 c6 20. Bxc6 Qxc6 21.
Qxd4 Qxc2 22. Rf2 Qc7 23. Qc3 Qg3+ 24. Rg2 Qxh3 25. d4 hxg4 26. Qxh3 gxh3 27.
Rh2 Bxe4 28. Rxh3 Rac8 29. Re1 f5 30. Ree3 Rc2 31. Rh2 Rfc8 32. Rxc2 Rxc2 33.
d5 Bxd5 34. Re5 Be4 35. Rxb5 Rg2+ 36. Kf1 Bd3+ 37. Kxg2 Bxb5 38. Kf3 g5 39. Kg3
Kf7 40. Kf3 Ke6 41. Kg3 Ke5 42. Kf3 Bc4 43. a3 a4 44. Kg3 Kd4 45. Kf3 Kd3 46.
Kg3 Kc2 47. Kf3 Kxb2 48. Ke3 Kxa3 49. Kd4 Kb3 50. Ke5 a3 51. Kxf5 a2 52. Kxg5
a1=Q 0-1

[Event "15.Open Primavera"]
[Site "Robecchetto con Induno ITA"]
[Date "2018.04.26"]
[Round "4"]
[White "Ghiggini, Stefano"]
[Black "Macchiettini, Pierangelo"]
[Result "1/2-1/2"]
[WhiteElo "1334"]
[BlackElo "1654"]
[PlyCount "28"]
[EventDate "2018.04.05"]

1. e4 c5 2. Nf3 d6 3. d4 cxd4 4. Nxd4 Nf6 5. Nc3 a6 6. Be2 e6 7. O-O Be7 8. a4
Qc7 9. f3 O-O 10. Kh1 Nbd7 11. Be3 Ne5 12. Qd2 Nc4 13. Bxc4 Qxc4 14. Qe2 Qxe2
1/2-1/2

[Event "15.Open Primavera"]
[Site "Robecchetto con Induno ITA"]
[Date "2018.05.03"]
[Round "5"]
[White "Barrera, Pietro"]
[Black "Santangelo, Riccardo"]
[Result "1-0"]
[WhiteElo "1810"]
[BlackElo "1632"]
[PlyCount "61"]
[EventDate "2018.04.05"]

1. d4 d5 2. Nf3 Bf5 3. c3 e6 4. Bf4 Bd6 5. Bxd6 cxd6 6. Nbd2 Nf6 7. e3 O-O 8.
Be2 h6 9. O-O Nbd7 10. c4 dxc4 11. Nxc4 Nb6 12. Nfd2 Nxc4 13. Nxc4 d5 14. Ne5
Nd7 15. Nd3 Bh7 16. Qd2 f5 17. Rfc1 Rf6 18. Rc3 Rc8 19. Rac1 Rxc3 20. Qxc3 Rf7
21. Nf4 Nf8 22. Qc8 Qxc8 23. Rxc8 g5 24. Nxe6 f4 25. Bh5 Rf6 26. Nxf8 Rxf8 27.
Rc7 fxe3 28. fxe3 Bd3 29. Bf3 Ba6 30. Bxd5+ Kh8 31. Bc4 1-0

[Event "15.Open Primavera"]
[Site "Robecchetto con Induno ITA"]
[Date "2018.05.03"]
[Round "5"]
[White "Cecchini, Massimo S"]
[Black "Santoruvo, Gianfranco"]
[Result "0-1"]
[WhiteElo "1689"]
[BlackElo "1735"]
[PlyCount "70"]
[EventDate "2018.04.05"]

1. d4 Nf6 2. c4 e6 3. Nc3 d5 4. Bg5 Be7 5. Nf3 a6 6. e3 dxc4 7. Bxc4 b5 8. Bd3
Bb7 9. O-O Nbd7 10. Rc1 h6 11. Bh4 O-O 12. Re1 c5 13. dxc5 Nxc5 14. Be2 Qb6 15.
a3 Rfd8 16. Qc2 Rac8 17. Nd2 Na4 18. Bxf6 Bxf6 19. Nde4 Bxe4 20. Qxe4 Nxb2 21.
Nb1 Qd6 22. Rxc8 Rxc8 23. g3 Be7 24. Kf1 Qb6 25. Bh5 Nc4 26. Rd1 Qc5 27. Qb7 g6
28. Rd7 Nd6 29. Qxa6 Qxh5 30. Rxe7 Rc1+ 31. Kg2 Qd5+ 32. Kh3 Rxb1 33. Rd7 Rg1
34. Rd8+ Kg7 35. Qxd6 Qh5# 0-1

[Event "15.Open Primavera"]
[Site "Robecchetto con Induno ITA"]
[Date "2018.05.03"]
[Round "5"]
[White "Mazzarone, Maurizio"]
[Black "Moroni, Luca"]
[Result "0-1"]
[WhiteElo "1885"]
[BlackElo "1760"]
[PlyCount "84"]
[EventDate "2018.04.05"]

1. d4 c5 2. c3 cxd4 3. cxd4 d6 4. Nf3 Nf6 5. Bf4 g6 6. Nc3 Bg7 7. h3 O-O 8. e3
Nc6 9. Be2 Bd7 10. O-O Rc8 11. Qb3 Na5 12. Qb4 b6 13. Rac1 Nc6 14. Qb3 Be6 15.
Qa4 a5 16. Ba6 Ra8 17. Bb7 Nb4 18. Bxa8 Qxa8 19. Rfd1 Bxh3 20. a3 Bd7 21. Nb5
Nbd5 22. Qb3 Nxf4 23. exf4 Qe4 24. Nc3 Qxf4 25. Qxb6 Bg4 26. Ne2 Qh6 27. Rc3
Nd5 28. Qxa5 Nxc3 29. Qxc3 Rc8 30. Qb3 Bxf3 31. Qxf3 Qg5 32. Nc3 e6 33. Qd3 d5
34. Qe3 Qf5 35. Rc1 Rc7 36. Ne2 Rxc1+ 37. Qxc1 h6 38. b4 Qd3 39. Qb2 g5 40. b5
Bf8 41. b6 Bd6 42. b7 Qd1# 0-1

[Event "15.Open Primavera"]
[Site "Robecchetto con Induno ITA"]
[Date "2018.05.03"]
[Round "5"]
[White "Mereghetti, Marco"]
[Black "Ruggeri, Igor"]
[Result "1/2-1/2"]
[WhiteElo "1794"]
[BlackElo "1509"]
[PlyCount "54"]
[EventDate "2018.04.05"]

1. e4 c5 2. Nf3 d6 3. d4 cxd4 4. Nxd4 Nf6 5. Nc3 e6 6. Bg5 Be7 7. f4 O-O 8. Qf3
Nc6 9. Nb3 a6 10. O-O-O Qc7 11. g4 b5 12. Bxf6 Bxf6 13. g5 Be7 14. h4 Bb7 15.
Rg1 Rac8 16. Bd3 Nb4 17. h5 Nxd3+ 18. Qxd3 Qc4 19. Qxc4 bxc4 20. Na5 Ba8 21.
Rd4 d5 22. exd5 Bc5 23. Ne2 Bxd4 24. Nxd4 Bxd5 25. Re1 Rc5 26. b4 cxb3 27.
Naxb3 Rc7 1/2-1/2

[Event "15.Open Primavera"]
[Site "Robecchetto con Induno ITA"]
[Date "2018.05.03"]
[Round "5"]
[White "Bignami, Matteo"]
[Black "Baguzzi, Sergio"]
[Result "1-0"]
[WhiteElo "1616"]
[BlackElo "1324"]
[PlyCount "115"]
[EventDate "2018.04.05"]

1. e4 Nf6 2. Nc3 d5 3. exd5 Nxd5 4. Nxd5 Qxd5 5. Qf3 e6 6. Be2 Be7 7. Qg3 Qg5
8. Qxc7 O-O 9. Bf3 Na6 10. Qc4 Rb8 11. Nh3 Qe5+ 12. Qe2 Qxe2+ 13. Bxe2 Nb4 14.
Bd1 e5 15. Ng1 Bf5 16. d3 e4 17. d4 Bf6 18. Be3 Rfd8 19. Ne2 Bg4 20. a3 Bxe2
21. Kxe2 Nc6 22. c3 Na5 23. Ba4 Nc4 24. Bc1 a6 25. b4 b5 26. Bb3 Re8 27. a4 e3
28. f3 Bg5 29. axb5 Nd2 30. Bc2 axb5 31. Ra5 Rb6 32. Bd3 Rc8 33. g3 Rxc3 34.
Rxb5 Rxb5 35. Bxb5 Rb3 36. d5 Rxb4 37. Bc6 Rc4 38. f4 Be7 39. Kxe3 Nb3 40. Bb2
Rc2 41. Be5 Nc5 42. Ra1 f6 43. d6 Bd8 44. Bd4 Ne6 45. Bd5 Kf7 46. f5 Rxh2 47.
fxe6+ Kf8 48. e7+ Bxe7 49. dxe7+ Kxe7 50. Bc5+ Kd7 51. Ra7+ Kc8 52. Rxg7 Rh3
53. Be6+ Kd8 54. Bxh3 h5 55. Kf4 Ke8 56. Bd6 h4 57. gxh4 Kd8 58. Rg8# 1-0

[Event "15.Open Primavera"]
[Site "Robecchetto con Induno ITA"]
[Date "2018.05.03"]
[Round "5"]
[White "Posapiano, Giacomo"]
[Black "Giavoni, Andrea"]
[Result "1/2-1/2"]
[WhiteElo "1603"]
[BlackElo "1579"]
[PlyCount "72"]
[EventDate "2018.04.05"]

1. Nf3 Nf6 2. c4 e6 3. d4 Bb4+ 4. Bd2 Bxd2+ 5. Nbxd2 d6 6. e4 O-O 7. Be2 Nbd7
8. O-O Re8 9. Qc2 Nf8 10. Rfe1 e5 11. dxe5 dxe5 12. Rad1 c6 13. c5 Ng6 14. Nc4
Qc7 15. Nd6 Rd8 16. Ng5 Bg4 17. Bxg4 Nxg4 18. Qc4 Nh6 19. Re3 Rd7 20. Red3 Kf8
21. Nxh7+ Kg8 22. Ng5 Kh8 23. Ndxf7+ Rxf7 24. Nxf7+ Qxf7 25. Qxf7 Nxf7 26. Rd7
Ng5 27. f3 Rb8 28. R1d6 Kh7 29. h4 Nf8 30. hxg5 Nxd7 31. Rxd7 Kg6 32. Kf2 b6
33. Rd6+ Kxg5 34. Rxc6 bxc5 35. b3 Rb6 36. Rxc5 Kf6 1/2-1/2

[Event "15.Open Primavera"]
[Site "Robecchetto con Induno ITA"]
[Date "2018.05.03"]
[Round "5"]
[White "Gaspari, Giulio"]
[Black "Caldarola, Stefano"]
[Result "0-1"]
[WhiteElo "1627"]
[BlackElo "1829"]
[PlyCount "88"]
[EventDate "2018.04.05"]

1. d4 g6 2. e4 Bg7 3. Nf3 d6 4. Be2 Nd7 5. O-O a6 6. Nbd2 b5 7. Re1 e5 8. d5
Ne7 9. c4 b4 10. b3 Bb7 11. Rb1 O-O 12. Nf1 f5 13. Ng5 Nc5 14. Bd3 h6 15. Nf3
f4 16. a3 a5 17. Qd2 Qd7 18. axb4 axb4 19. Bc2 Rab8 20. Ra1 g5 21. h3 Bf6 22.
N3h2 Ng6 23. f3 h5 24. Qe2 Nh8 25. Bd2 Bc8 26. Ra2 Qg7 27. Rea1 Nf7 28. Ra8 Bd7
29. Rxb8 Rxb8 30. Ra7 Bd8 31. Kh1 Nh6 32. Ra2 g4 33. hxg4 hxg4 34. fxg4 Nxg4
35. Nf3 Qh6+ 36. Kg1 Be8 37. g3 Bh5 38. Qg2 Kh8 39. gxf4 exf4 40. Bc1 Bf6 41.
Bb2 Ne5 42. Nxe5 Rg8 43. Nf7+ Bxf7 44. Bxf6+ Qxf6 0-1